Statistiques concernant Mots récurrents espagnol (C)

Cliquez ici pour prendre le quiz!

Statistiques générales

  • Ce quiz a été pris 14 fois
    (6 depuis la dernière actualisation)
  • Le résultat moyen est 11 sur 40

Statistiques - réponses

HintRéponse% Correct
Cher (prix)Caro
100%
Contacter (qqn)Contactar con
100%
(Se rendre) CompteDarse cuenta de
100%
ChangementEl cambio
100%
Le CongrèsEl congreso
100%
CroissanceEl crecimiento
100%
CrimeEl crimen
100%
ChoisirElegir / escoger
100%
Carrière (professionnel)La carrera
100%
ChiffreLa cifra
100%
ConfianceLa confianza
100%
La conquêteLa conquista
100%
CriseLa crisis
100%
ConséquencesLas consecuencias
100%
Chance (être chanceux)La suerte
100%
ChangerCambiar
67%
ConseillerAconsejar
50%
Chercher (général)Buscar
50%
Charger (qqch)Cargar
50%
ComplexeComplejo
50%
ConvaincreConvencer
50%
CoûterCostar
50%
ClimatEl clima
50%
CoefficientEl coeficiente
50%
ConsommateurEl consumidor
50%
Cible (objectif, pub)El objetivo / la meta / el fin
50%
La controverseLa controversia
50%
Carte (postale)La postal
50%
Carte (bancaire ou visite)La tarjeta
50%
ConsommerConsumir
33%
Courant (être au)Estar al tanto / estar enterado / estar al corriente
33%
Convenir (se mettre d’accord sur qqch)Acordar
0%
Pas cher (prix)Barato
0%
Prendre en chargeCargar con
0%
ClasserClasificar / archivar
0%
CloreClausurar
0%
Faire concurrence àCompetir con
0%
CompétitifCompetitivo
0%
ConstaterComprobar / notar / advertir
0%
ConcilierConciliar / compaginar / compatibilizar
0%
ConquérirConquistar
0%
Consulter (qqn)Consultar a
0%
ControverséControvertido
0%
ConvaincuConvencido
0%
ConvaincantConvincente
0%
CotiserCotizar / contribuir / pagar una cuota
0%
Côté en bourse (être)Cotizar en bolsa
0%
CroîtreCrecer
0%
Consacrer à (se)Dedicarse a
0%
Contester(qqch)Discutir
0%
Chantier navalEl astillero
0%
Le caissierEl cajero
0%
ChauffeurEl chófer
0%
ClientEl cliente
0%
CollaborateurEl colaborador
0%
Commerce équitableEl comercio justo
0%
CollègueEl compañero de trabajo
0%
CompromisEl compromiso
0%
Le conseiller (municipal)El concejal
0%
Concours (jeu)El concurso
0%
Le conseillerEl consejero / el asesor.
0%
La consommationEl consumo
0%
ContratEl contrato
0%
CourrierEl correo
0%
CoûtEl coste / el costo
0%
CréditEl crédito
0%
Culture (agriculture)El cultivo
0%
Le CVEl currículum / el CV / el historial profesional
0%
Le chômeurEl desempleado / el parado
0%
Cadre dirigeantEl directivo
0%
CadreEl ejecutivo
0%
Chef d’entrepriseEl empresario
0%
Commande (marchandise)El encargo
0%
Le chercheurEl investigador
0%
ChefEl jefe
0%
Carte (géo)El mapa
0%
Comptoir (restaurant)El mostrador
0%
Carte (à jouer)El naipe
0%
CréneauEl nicho
0%
ChômageEl paro / el desempleo
0%
CommandeEl pedido
0%
CréancierEl prestamista / el acreedor
0%
Circulation (routier)El tráfico
0%
Charger (qqn)Encargar a
0%
Se charger deEncargarse de
0%
Faire confiance àFiarse de / confiar en
0%
Couler (plonger, sombrer / s’effondrer)Hundirse
0%
Chercher (enquêter)Investigar
0%
Comptoir (bar)La barra
0%
La caisseLa caja
0%
La campagne (publicitaire)La campaña
0%
Carrière (pierre)La cantera
0%
Couche socialLa capa social
0%
Carte ( restaurant)La carta
0%
Circulation (sanguine)La circulación
0%
CirconstanceLa circunstancia
0%
Cours (enseignement)La clase
0%
ClassementLa clasificación
0%
ClientèleLa clientela
0%
ConcurrenceLa competencia
0%
La compétitivitéLa competitividad
0%
la côte(mer)La costa
0%
Cours boursierLa cotización bursátil
0%
La conjonctureLa coyuntura
0%
Compte bancaire, courantLa cuenta bancaria / corriente
0%
Culture (savoir)La cultura
0%
Cible (tir)La diana
0%
Le choixLa elección / la opción / la alternativa
0%
Chiffre d’affairesLa facturación
0%
CautionLa fianza
0%
ChantierLa obra / la construcción
0%
Chance ( une occasion)La oportunidad
0%
Concours (écoles)Las oposiciones
0%
Coupes budgétairesLos recortes presupuestarios / de presupuesto
0%
Conditions requises (remplir)Los requisitos
0%
Convenir (admettre qqch)Reconocer
0%
CraindreTemer
0%

Distribution des résultats

Percentile par nombre de réponses

% des personnes avec chaque résultat

Votre développement - résultats

Vous n’avez pas pris ce quiz depuis la dernière actualisation